000 00915nam a22002777a 4500
001 9092
003 FISKH
005 20251119140746.0
008 251119b cb ||||| |||| 00| 0 eng d
020 _a071001002508
040 _aFISKH
_beng
_cFISKH
_dFISKH
050 _aQ164.C48
082 _a793.8
100 _aCobb, Vicki
_eAuthor
245 _aBet you can't! :
_bScience possibilities to fool you /
_cVicki Cobb ; Illustrated by Martha Weston
260 _aNew York :
_bWilliam Morrow & Company Inc. ,
_c1980
300 _a128 pages :
_billustrations ;
_c19 cm
505 _aR
520 _aDescribes more than 60 impossible tricks, each based on scientific principles which are explained in acompanying text.
521 8 _a720
_bLexile
521 8 _aR
_bRaz-Plus
650 _aScience experiments
_vNon-fiction
700 _aWeston, Martha
_eIllustrator
942 _2ddc
_cBK
_n0
999 _c9092
_d9092